Southville International School and Colleges
Your cart is empty.
  • Cart
  • Lists
    Public lists Eva Luna New books Lux_list list_1
    Your lists Log in to create your own lists
  • Log in to your account
  • Your cookies
  • Search history
Southville International School and Colleges
  • Advanced search
  • Recent comments
  • Most popular
  • Libraries

Log in to your account

Log in with GOOGLE


If you do not have an external account, but do have a local account, you can still log in:

  1. Home
  2. MARC view: Willie mae
Normal view MARC view ISBD view

Willie mae (Record no. 11625)

[ view plain ]
MARC details
000 -LEADER
fixed length control field 00470nam a22001817a 4500
003 - CONTROL NUMBER IDENTIFIER
control field PILC
005 - DATE AND TIME OF LATEST TRANSACTION
control field 20160129105728.0
008 - FIXED-LENGTH DATA ELEMENTS--GENERAL INFORMATION
fixed length control field 130918t xxu||||| |||| 00| 0 eng d
050 ## - LIBRARY OF CONGRESS CALL NUMBER
Classification number E 185.97
Item number .K99 1958
082 ## - DEWEY DECIMAL CLASSIFICATION NUMBER
Classification number FIC
Item number K99w 1958
100 ## - MAIN ENTRY--PERSONAL NAME
Personal name Kytle, Elizabeth
9 (RLIN) 20766
245 ## - TITLE STATEMENT
Title Willie mae
Statement of responsibility, etc Elizabeth Kytle
260 ## - PUBLICATION, DISTRIBUTION, ETC. (IMPRINT)
Place of publication, distribution, etc New York :
Name of publisher, distributor, etc Signet Books,
Date of publication, distribution, etc c1958.
300 ## - PHYSICAL DESCRIPTION
Extent 142 p. :
Dimensions 18 cm.
650 ## - SUBJECT ADDED ENTRY--TOPICAL TERM
Topical term or geographic name as entry element Fiction.
9 (RLIN) 746
942 ## - ADDED ENTRY ELEMENTS (KOHA)
Source of classification or shelving scheme Library of Congress Classification
Koha item type Books
Holdings
Withdrawn status Lost status Source of classification or shelving scheme Damaged status Home library Current library Shelving location Date acquired Total Checkouts Full call number Barcode Date last seen Copy number Price effective from Koha item type
    Library of Congress Classification   Luxembourg Library Luxembourg Library Fiction Section 09/18/2013   E 185.97 .K99 1958 10970 05/25/2015 1 09/18/2013 Books

Willie mae

APA

Kytle E., . (1958). Willie mae. New York: Signet Books.

Chicago

Kytle Elizabeth, . 1958. Willie mae. New York: Signet Books.

Harvard

Kytle E., . (1958). Willie mae. New York: Signet Books.

MLA

Kytle Elizabeth, . Willie mae. New York: Signet Books. 1958.

  • Place hold
  • Print
  • Cite
  • Add to your cart (remove)
  • Save record
    BIBTEX Dublin Core MARCXML MARC (non-Unicode/MARC-8) MARC (Unicode/UTF-8) MARC (Unicode/UTF-8, Standard) MODS (XML) RIS
  • More searches
    Search for this title in:
    Other Libraries (WorldCat) Other Databases (Google Scholar) Online Stores (Bookfinder.com) Open Library (openlibrary.org)

Exporting to Dublin Core...

SOUTHVILLE LIBRARY

Southville International School and Colleges Library

1281 Tropical Ave. Cor. Luxembourg St., BF Homes International, Las Pinas City

Tel. No. 8256374 / 252358 Loc. 117/146

Powered by Koha